[Event "EYCC 2024 - G14"]
[Site "?"]
[Date "2024.08.22"]
[Round "1.1"]
[White "Slivova, Linda"]
[Black "Barteckova, Nikol"]
[Result "1-0"]
[BlackElo "1669"]
[WhiteElo "1963"]
[LiveChessVersion "1.4.8"]

1. e4 {[%clk 1:30:56]} c5 {[%clk 1:30:44]} 2. Nc3 {[%clk 1:31:11]} Nc6
{[%clk 1:30:46]} 3. g3 {[%clk 1:31:18]} d6 {[%clk 1:31:00]} 4. Bg2
{[%clk 1:31:05]} Nf6 {[%clk 1:30:25]} 5. d3 {[%clk 1:30:02]} g6 {[%clk 1:30:24]}
6. h3 {[%clk 1:29:06]} Bg7 {[%clk 1:28:23]} 7. Be3 {[%clk 1:27:33]} a6
{[%clk 1:25:13]} 8. Qd2 {[%clk 1:24:16]} Qc7 {[%clk 1:20:54]} 9. Bh6
{[%clk 1:21:17]} O-O {[%clk 1:18:58]} 10. Bxg7 {[%clk 1:20:39]} Kxg7
{[%clk 1:19:16]} 11. f4 {[%clk 1:18:35]} b5 {[%clk 1:10:03]} 12. Nf3
{[%clk 1:15:58]} Bb7 {[%clk 1:05:57]} 13. O-O {[%clk 1:13:52]} Rac8
{[%clk 1:01:33]} 14. g4 {[%clk 0:56:36]} Qb6 {[%clk 0:55:04]} 15. Qf2
{[%clk 0:52:19]} a5 {[%clk 0:50:49]} 16. g5 {[%clk 0:48:18]} Nd7 {[%clk 0:47:33]}
17. Nd5 {[%clk 0:46:30]} Qa7 {[%clk 0:47:08]} 18. Nh2 {[%clk 0:39:03]} Nb6
{[%clk 0:42:53]} 19. Ne3 {[%clk 0:36:37]} c4 {[%clk 0:39:57]} 20. f5
{[%clk 0:30:30]} cxd3 {[%clk 0:34:30]} 21. f6+ {[%clk 0:28:51]} exf6
{[%clk 0:30:35]} 22. Qxf6+ {[%clk 0:26:52]} Kg8 {[%clk 0:31:01]} 23. Nhg4
{[%clk 0:26:46]} h5 {[%clk 0:30:06]} 24. gxh6 {[%clk 0:27:03]} Kh7
{[%clk 0:30:15]} 25. Qg7# {[%clk 0:27:25]} 1-0

[Event "EYCC 2024 - G14"]
[Site "?"]
[Date "2024.08.22"]
[Round "1.2"]
[White "Li, Stella"]
[Black "Trunz, Tamila"]
[Result "0-1"]
[BlackElo "1962"]
[WhiteElo "1665"]
[LiveChessVersion "1.4.8"]

1. e4 {[%clk 1:30:58]} c5 {[%clk 1:30:52]} 2. Nf3 {[%clk 1:28:31]} e6
{[%clk 1:30:36]} 3. d4 {[%clk 1:23:49]} cxd4 {[%clk 1:30:53]} 4. Nxd4
{[%clk 1:24:10]} Nf6 {[%clk 1:30:29]} 5. Bd3 {[%clk 1:19:19]} Nc6
{[%clk 1:29:09]} 6. Nxc6 {[%clk 1:18:22]} bxc6 {[%clk 1:29:21]} 7. O-O
{[%clk 1:18:36]} d5 {[%clk 1:26:19]} 8. exd5 {[%clk 1:17:02]} cxd5
{[%clk 1:18:01]} 9. b3 {[%clk 1:15:09]} Bd6 {[%clk 1:13:41]} 10. Bb2
{[%clk 1:14:54]} O-O {[%clk 1:08:58]} 11. Nd2 {[%clk 1:11:07]} e5
{[%clk 1:06:56]} 12. Re1 {[%clk 1:09:54]} Re8 {[%clk 1:02:26]} 13. c4
{[%clk 1:06:59]} e4 {[%clk 0:49:00]} 14. Bc2 {[%clk 1:02:56]} Bxh2+
{[%clk 0:30:21]} 15. Kxh2 {[%clk 0:51:11]} Ng4+ {[%clk 0:30:36]} 16. Kg1
{[%clk 0:51:36]} Qh4 {[%clk 0:30:21]} 17. f3 {[%clk 0:45:13]} Qh2+
{[%clk 0:29:46]} 18. Kf1 {[%clk 0:42:07]} Qh1+ {[%clk 0:30:09]} 19. Ke2
{[%clk 0:41:08]} Qxg2# {[%clk 0:30:30]} 0-1

[Event "EYCC 2024 - G14"]
[Site "?"]
[Date "2024.08.22"]
[Round "1.3"]
[White "Jimenez Carrazoni, Marta Elena"]
[Black "Heibo, Amalie Linnea"]
[Result "1/2-1/2"]
[BlackElo "1656"]
[WhiteElo "1946"]
[LiveChessVersion "1.4.8"]

1. d4 {[%clk 1:30:56]} Nf6 {[%clk 1:30:32]} 2. c4 {[%clk 1:31:20]} d6
{[%clk 1:30:32]} 3. Nc3 {[%clk 1:28:31]} e5 {[%clk 1:29:38]} 4. d5
{[%clk 1:23:46]} Bf5 {[%clk 1:25:40]} 5. Bg5 {[%clk 1:20:30]} Be7
{[%clk 1:21:01]} 6. Bxf6 {[%clk 1:16:35]} Bxf6 {[%clk 1:20:39]} 7. e4
{[%clk 1:16:31]} Bg6 {[%clk 1:21:08]} 8. Bd3 {[%clk 1:15:36]} Nd7
{[%clk 1:20:53]} 9. b4 {[%clk 1:14:42]} a5 {[%clk 1:18:37]} 10. a3
{[%clk 1:14:27]} O-O {[%clk 1:14:14]} 11. Nge2 {[%clk 1:10:54]} axb4
{[%clk 0:57:37]} 12. axb4 {[%clk 1:11:07]} Rxa1 {[%clk 0:57:53]} 13. Qxa1
{[%clk 1:11:21]} Qa8 {[%clk 0:58:21]} 14. O-O {[%clk 1:09:47]} h6
{[%clk 0:54:40]} 15. Nb5 {[%clk 0:58:29]} Qb8 {[%clk 0:47:52]} 16. Qa4
{[%clk 0:51:58]} Nb6 {[%clk 0:43:25]} 17. Qa3 {[%clk 0:47:49]} c6
{[%clk 0:35:36]} 18. c5 {[%clk 0:29:41]} cxb5 {[%clk 0:29:52]} 19. cxb6
{[%clk 0:29:51]} Qa8 {[%clk 0:23:55]} 20. Qa7 {[%clk 0:26:55]} Qxa7
{[%clk 0:15:01]} 21. bxa7 {[%clk 0:27:02]} Ra8 {[%clk 0:15:28]} 22. Ra1
{[%clk 0:26:38]} Bd8 {[%clk 0:15:55]} 23. Nc3 {[%clk 0:26:17]} Kf8
{[%clk 0:13:59]} 24. Nxb5 {[%clk 0:23:00]} Ke7 {[%clk 0:14:11]} 25. Rc1
{[%clk 0:07:38]} Bb6 {[%clk 0:13:35]} 26. Kf1 {[%clk 0:06:55]} f6
{[%clk 0:12:48]} 27. f3 {[%clk 0:02:19]} Be8 {[%clk 0:12:31]} 28. Nc7
{[%clk 0:02:28]} Rxa7 {[%clk 0:12:20]} 29. Ne6 {[%clk 0:01:31]} Kf7
{[%clk 0:10:11]} 30. Bc4 {[%clk 0:01:07]} Ra4 {[%clk 0:09:39]} 31. Rb1
{[%clk 0:01:05]} Bd7 {[%clk 0:09:01]} 32. Ke2 {[%clk 0:01:19]} Ra3
{[%clk 0:08:41]} 33. Bb3 {[%clk 0:00:55]} Bb5+ {[%clk 0:08:11]} 34. Kd2
{[%clk 0:01:17]} Bd7 {[%clk 0:04:50]} 35. Kc3 {[%clk 0:01:17]} Ba4
{[%clk 0:03:52]} 36. Kc2 {[%clk 0:01:07]} Bb5 {[%clk 0:02:11]} 37. Kb2
{[%clk 0:00:34]} Ra8 {[%clk 0:02:36]} 38. Rc1 {[%clk 0:00:54]} Bd7
{[%clk 0:02:06]} 39. Ba2 {[%clk 0:00:43]} Ra4 {[%clk 0:01:45]} 40. Kb3
{[%clk 0:00:58]} Ra8 {[%clk 0:01:53]} 41. Kb2 {[%clk 0:00:49]} Ra4
{[%clk 0:02:22]} 42. Kb3 {[%clk 0:00:43]} Ra8 {[%clk 0:02:50]} 43. Kb2
{[%clk 0:00:34]} Ra4 {[%clk 0:03:19]} 44. Kb3 {[%clk 0:00:41]} Ra8
{[%clk 0:03:42]} 1/2-1/2

[Event "EYCC 2024 - G14"]
[Site "?"]
[Date "2024.08.22"]
[Round "1.4"]
[White "Krysiewicz, Zofia"]
[Black "Bauer, Laura Sophie"]
[Result "0-1"]
[BlackElo "1943"]
[WhiteElo "1650"]
[LiveChessVersion "1.4.8"]

1. e4 {[%clk 1:30:57]} c5 {[%clk 1:30:53]} 2. Nf3 {[%clk 1:31:17]} Nc6
{[%clk 1:31:16]} 3. d4 {[%clk 1:31:41]} cxd4 {[%clk 1:31:39]} 4. Nxd4
{[%clk 1:32:03]} g6 {[%clk 1:32:02]} 5. c4 {[%clk 1:32:18]} Nf6 {[%clk 1:32:17]}
6. Nc3 {[%clk 1:32:32]} d6 {[%clk 1:32:39]} 7. f3 {[%clk 1:32:37]} Nxd4
{[%clk 1:32:53]} 8. Qxd4 {[%clk 1:32:58]} Bg7 {[%clk 1:33:15]} 9. Be3
{[%clk 1:32:38]} O-O {[%clk 1:33:34]} 10. Qd2 {[%clk 1:30:32]} Be6
{[%clk 1:32:32]} 11. Rc1 {[%clk 1:29:28]} Qa5 {[%clk 1:32:29]} 12. Bd3
{[%clk 1:22:18]} Rfc8 {[%clk 1:31:32]} 13. b3 {[%clk 1:22:34]} a6
{[%clk 1:30:34]} 14. f4 {[%clk 1:11:20]} b5 {[%clk 1:22:31]} 15. f5
{[%clk 1:08:07]} Bd7 {[%clk 1:22:21]} 16. Nd5 {[%clk 1:07:28]} Qxd2+
{[%clk 1:22:31]} 17. Kxd2 {[%clk 1:07:13]} Nxd5 {[%clk 1:22:23]} 18. cxd5
{[%clk 1:06:31]} Bb2 {[%clk 1:17:59]} 19. Rb1 {[%clk 0:55:55]} Be5
{[%clk 1:16:50]} 20. b4 {[%clk 0:44:08]} a5 {[%clk 1:14:33]} 21. a3
{[%clk 0:32:49]} axb4 {[%clk 1:14:21]} 22. axb4 {[%clk 0:32:05]} Ra2+
{[%clk 1:13:15]} 23. Kd1 {[%clk 0:26:27]} Rc3 {[%clk 1:13:09]} 24. Bxb5
{[%clk 0:21:55]} Bxb5 {[%clk 1:13:30]} 25. Bg5 {[%clk 0:22:13]} Rd3+
{[%clk 1:13:34]} 26. Kc1 {[%clk 0:21:12]} f6 {[%clk 1:13:36]} 27. Bh6
{[%clk 0:21:21]} g5 {[%clk 1:13:58]} 28. h4 {[%clk 0:21:43]} Bf4#
{[%clk 1:14:21]} 0-1

[Event "EYCC 2024 - G14"]
[Site "?"]
[Date "2024.08.22"]
[Round "1.5"]
[White "Andries, Leia"]
[Black "Corvi, Maddalena"]
[Result "1-0"]
[BlackElo "1646"]
[WhiteElo "1937"]
[LiveChessVersion "1.4.8"]

1. e4 {[%clk 1:30:59]} c6 {[%clk 1:30:49]} 2. d4 {[%clk 1:31:25]} d5
{[%clk 1:31:14]} 3. e5 {[%clk 1:31:52]} c5 {[%clk 1:31:32]} 4. Nf3
{[%clk 1:32:17]} cxd4 {[%clk 1:31:17]} 5. Nxd4 {[%clk 1:32:39]} Nc6
{[%clk 1:31:32]} 6. c4 {[%clk 1:32:41]} e6 {[%clk 1:31:14]} 7. Nxc6
{[%clk 1:29:28]} bxc6 {[%clk 1:31:24]} 8. Nc3 {[%clk 1:29:20]} Bb4
{[%clk 1:31:03]} 9. Bd3 {[%clk 1:28:23]} Ne7 {[%clk 1:22:17]} 10. cxd5
{[%clk 1:27:41]} exd5 {[%clk 1:20:47]} 11. O-O {[%clk 1:27:43]} O-O
{[%clk 1:20:21]} 12. Bg5 {[%clk 1:09:28]} h6 {[%clk 1:13:07]} 13. Bh4
{[%clk 1:06:04]} a5 {[%clk 1:00:29]} 14. Qe2 {[%clk 0:55:35]} Bc5
{[%clk 0:56:55]} 15. Rac1 {[%clk 0:53:32]} Bd7 {[%clk 0:51:29]} 16. Kh1
{[%clk 0:49:08]} Bd4 {[%clk 0:44:19]} 17. Bb1 {[%clk 0:40:29]} Bxc3
{[%clk 0:38:59]} 18. Rxc3 {[%clk 0:38:58]} Qe8 {[%clk 0:35:51]} 19. f4
{[%clk 0:33:15]} Nf5 {[%clk 0:33:26]} 20. Bf2 {[%clk 0:27:30]} Qd8
{[%clk 0:29:51]} 21. Bxf5 {[%clk 0:18:46]} Bxf5 {[%clk 0:29:13]} 22. Rxc6
{[%clk 0:19:07]} Be4 {[%clk 0:29:08]} 23. Qg4 {[%clk 0:17:01]} Kh7
{[%clk 0:28:27]} 24. Rfc1 {[%clk 0:15:47]} Qb8 {[%clk 0:26:46]} 25. b3
{[%clk 0:15:25]} Qb4 {[%clk 0:24:58]} 26. Bc5 {[%clk 0:14:56]} Qd2
{[%clk 0:24:51]} 27. Bxf8 {[%clk 0:14:37]} Rxf8 {[%clk 0:25:12]} 28. Rg1
{[%clk 0:11:45]} d4 {[%clk 0:21:06]} 29. Rcc1 {[%clk 0:10:33]} Rd8
{[%clk 0:19:41]} 30. a4 {[%clk 0:07:03]} Bc2 {[%clk 0:14:53]} 31. e6
{[%clk 0:02:29]} f5 {[%clk 0:07:59]} 32. Qh4 {[%clk 0:01:56]} Re8
{[%clk 0:07:53]} 33. e7 {[%clk 0:01:54]} d3 {[%clk 0:07:55]} 34. Rce1
{[%clk 0:01:38]} Bxb3 {[%clk 0:06:18]} 35. Qh5 {[%clk 0:01:31]} g6
{[%clk 0:06:38]} 36. Qf3 {[%clk 0:01:47]} Bxa4 {[%clk 0:04:21]} 37. Qd5
{[%clk 0:02:01]} Kg7 {[%clk 0:04:30]} 38. Qe5+ {[%clk 0:02:04]} Kh7
{[%clk 0:04:32]} 39. Qf6 {[%clk 0:02:11]} Bb3 {[%clk 0:04:39]} 40. Qf8
{[%clk 0:02:09]} Ba4 {[%clk 0:04:40]} 41. Re6 {[%clk 0:02:06]} Qxf4
{[%clk 0:02:24]} 42. Qf7+ {[%clk 0:01:56]} Kh8 {[%clk 0:02:43]} 43. Rxg6
{[%clk 0:02:07]} 1-0

[Event "EYCC 2024 - G14"]
[Site "?"]
[Date "2024.08.22"]
[Round "1.6"]
[White "Hangyal, Dora"]
[Black "Siskou, Evangelia"]
[Result "0-1"]
[BlackElo "1932"]
[WhiteElo "1646"]
[LiveChessVersion "1.4.8"]

1. e4 {[%clk 1:30:57]} c5 {[%clk 1:30:47]} 2. Nc3 {[%clk 1:31:23]} Nc6
{[%clk 1:31:07]} 3. g3 {[%clk 1:31:49]} g6 {[%clk 1:31:24]} 4. Bg2
{[%clk 1:32:13]} Bg7 {[%clk 1:31:46]} 5. Nge2 {[%clk 1:32:16]} Nf6
{[%clk 1:32:07]} 6. d3 {[%clk 1:32:16]} d6 {[%clk 1:32:27]} 7. O-O
{[%clk 1:32:37]} O-O {[%clk 1:32:50]} 8. f4 {[%clk 1:32:01]} Rb8 {[%clk 1:32:51]}
9. a3 {[%clk 1:31:48]} Bd7 {[%clk 1:32:29]} 10. Be3 {[%clk 1:24:45]} Ng4
{[%clk 1:27:37]} 11. Bd2 {[%clk 1:21:13]} c4 {[%clk 1:22:19]} 12. Qe1
{[%clk 1:12:38]} Qb6+ {[%clk 1:16:24]} 13. Kh1 {[%clk 1:11:58]} Qb5 14. b3 Qxb3
{[%clk 1:10:17]} 15. Ra2 {[%clk 1:12:03]} Qb6 {[%clk 1:10:18]} 16. Nd5
{[%clk 1:09:43]} Qd8 {[%clk 1:05:45]} 17. h3 {[%clk 1:05:07]} cxd3
{[%clk 1:00:03]} 18. cxd3 {[%clk 1:04:33]} e6 {[%clk 0:53:46]} 19. Ndc3
{[%clk 1:03:29]} Nf6 {[%clk 0:53:21]} 20. Be3 {[%clk 0:56:37]} b5
{[%clk 0:47:50]} 21. Qd2 {[%clk 0:52:23]} a5 {[%clk 0:45:17]} 22. d4
{[%clk 0:42:56]} b4 {[%clk 0:43:59]} 23. axb4 {[%clk 0:42:23]} axb4
{[%clk 0:44:02]} 24. Nd1 {[%clk 0:42:25]} Na5 {[%clk 0:38:49]} 25. Nb2
{[%clk 0:41:14]} Bc6 {[%clk 0:36:58]} 26. d5 {[%clk 0:37:39]} exd5
{[%clk 0:36:34]} 27. exd5 {[%clk 0:38:00]} Bb5 {[%clk 0:36:25]} 28. Rc1
{[%clk 0:30:39]} Nb3 {[%clk 0:35:29]} 29. Qd1 {[%clk 0:14:25]} Nxc1
{[%clk 0:33:59]} 30. Bxc1 {[%clk 0:13:01]} Bxe2 {[%clk 0:32:40]} 31. Qxe2
{[%clk 0:13:21]} Re8 {[%clk 0:32:42]} 32. Qd2 {[%clk 0:11:21]} Ne4
{[%clk 0:30:43]} 33. Qd3 {[%clk 0:08:43]} Nf2+ {[%clk 0:30:36]} 0-1

[Event "EYCC 2024 - G14"]
[Site "?"]
[Date "2024.08.22"]
[Round "1.7"]
[White "Biro, Beata"]
[Black "Nahapetyan, Ani"]
[Result "1/2-1/2"]
[BlackElo "1637"]
[WhiteElo "1926"]
[LiveChessVersion "1.4.8"]

1. e4 {[%clk 1:30:57]} c5 {[%clk 1:30:56]} 2. Nc3 {[%clk 1:31:18]} d6
{[%clk 1:31:18]} 3. d4 {[%clk 1:31:38]} cxd4 {[%clk 1:31:35]} 4. Qxd4
{[%clk 1:32:01]} Nc6 {[%clk 1:31:45]} 5. Qd2 {[%clk 1:32:17]} Nf6
{[%clk 1:31:26]} 6. b3 {[%clk 1:32:19]} e6 {[%clk 1:30:03]} 7. Bb2
{[%clk 1:32:14]} d5 {[%clk 1:27:45]} 8. exd5 {[%clk 1:30:28]} exd5
{[%clk 1:26:54]} 9. O-O-O {[%clk 1:29:38]} Be6 {[%clk 1:24:39]} 10. f3
{[%clk 1:26:00]} Bb4 {[%clk 1:15:39]} 11. a3 {[%clk 1:23:34]} Be7
{[%clk 1:15:39]} 12. Kb1 {[%clk 1:21:13]} O-O {[%clk 1:11:17]} 13. g4
{[%clk 1:18:40]} Qb6 {[%clk 1:03:01]} 14. g5 {[%clk 1:13:56]} Ne8
{[%clk 1:03:17]} 15. f4 {[%clk 1:10:37]} d4 {[%clk 1:00:11]} 16. Na4
{[%clk 1:08:36]} Qc7 {[%clk 0:58:04]} 17. b4 {[%clk 1:02:12]} Bd5
{[%clk 0:54:05]} 18. Bg2 {[%clk 1:02:27]} Bxg2 {[%clk 0:54:04]} 19. Qxg2
{[%clk 1:02:55]} Qxf4 {[%clk 0:53:20]} 20. h4 {[%clk 1:01:50]} Qc7
{[%clk 0:46:52]} 21. Ne2 {[%clk 0:58:25]} b5 {[%clk 0:44:39]} 22. Nxd4
{[%clk 0:51:42]} Nxd4 {[%clk 0:41:03]} 23. Bxd4 {[%clk 0:50:13]} Nd6
{[%clk 0:40:04]} 24. Nc3 {[%clk 0:46:21]} Qc4 {[%clk 0:31:06]} 25. Nd5
{[%clk 0:45:08]} Rae8 {[%clk 0:23:41]} 26. Nf6+ {[%clk 0:41:59]} Bxf6
{[%clk 0:21:45]} 27. gxf6 {[%clk 0:41:52]} g6 {[%clk 0:22:02]} 28. Rh2
{[%clk 0:39:52]} a5 {[%clk 0:16:51]} 29. h5 {[%clk 0:39:58]} Qc7 {[%clk 0:11:41]}
30. hxg6 {[%clk 0:39:34]} fxg6 {[%clk 0:11:57]} 31. Rh6 {[%clk 0:38:24]} Qf7
{[%clk 0:11:12]} 32. Bb2 {[%clk 0:28:57]} Nf5 {[%clk 0:11:05]} 33. Bc1
{[%clk 0:23:57]} Nxh6 {[%clk 0:08:11]} 34. Bxh6 {[%clk 0:24:20]} axb4
{[%clk 0:07:39]} 35. Bxf8 {[%clk 0:24:31]} Rxf8 {[%clk 0:07:55]} 36. axb4
{[%clk 0:24:16]} Rc8 {[%clk 0:06:06]} 37. Rd6 {[%clk 0:21:32]} Re8
{[%clk 0:04:28]} 38. Qc6 {[%clk 0:19:52]} Qf8 {[%clk 0:02:56]} 39. Qd5+
{[%clk 0:17:42]} Qf7 {[%clk 0:00:49]} 40. Qxb5 {[%clk 0:18:02]} Ra8
{[%clk 0:01:16]} 41. c4 {[%clk 0:18:00]} Qa7 {[%clk 0:01:07]} 42. Qd5+
{[%clk 0:18:25]} Kf8 {[%clk 0:01:05]} 43. Rd8+ {[%clk 0:16:47]} Rxd8
{[%clk 0:01:30]} 44. Qxd8+ {[%clk 0:17:13]} Kf7 {[%clk 0:01:56]} 45. c5
{[%clk 0:17:25]} Qb7 {[%clk 0:02:21]} 46. Kc2 {[%clk 0:13:47]} Qe4+
{[%clk 0:01:37]} 47. Kc3 {[%clk 0:14:02]} Qe1+ {[%clk 0:01:29]} 48. Kb3
{[%clk 0:12:56]} Qe6+ {[%clk 0:00:41]} 49. Ka4 {[%clk 0:13:20]} Qa6+
{[%clk 0:00:49]} 50. Kb3 {[%clk 0:12:01]} Qe6+ {[%clk 0:01:15]} 51. Kc3
{[%clk 0:12:01]} Qe3+ {[%clk 0:00:44]} 52. Kc4 {[%clk 0:06:56]} Qe2+
{[%clk 0:00:35]} 1/2-1/2

[Event "EYCC 2024 - G14"]
[Site "?"]
[Date "2024.08.22"]
[Round "1.8"]
[White "Gevorgyan, Nrane"]
[Black "Huseynova, Dinara"]
[Result "0-1"]
[BlackElo "1923"]
[WhiteElo "1627"]
[LiveChessVersion "1.4.8"]

1. e4 {[%clk 1:30:57]} e6 {[%clk 1:30:27]} 2. d4 {[%clk 1:31:25]} d5
{[%clk 1:30:46]} 3. Nc3 {[%clk 1:31:52]} Bb4 {[%clk 1:31:06]} 4. a3
{[%clk 1:31:59]} Bxc3+ {[%clk 1:31:07]} 5. bxc3 {[%clk 1:32:28]} dxe4
{[%clk 1:29:26]} 6. Qg4 {[%clk 1:31:46]} Nf6 {[%clk 1:25:54]} 7. Qxg7
{[%clk 1:29:22]} Rg8 {[%clk 1:26:15]} 8. Qh6 {[%clk 1:29:48]} c5 {[%clk 1:26:07]}
9. Bb2 {[%clk 1:18:32]} cxd4 {[%clk 1:16:55]} 10. cxd4 {[%clk 1:17:53]} Nc6
{[%clk 1:17:12]} 11. Ne2 {[%clk 1:03:41]} Bd7 {[%clk 1:09:05]} 12. g3
{[%clk 1:00:35]} Na5 {[%clk 1:06:02]} 13. Bg2 {[%clk 0:51:49]} Rc8
{[%clk 1:04:28]} 14. c3 {[%clk 0:35:02]} Bb5 {[%clk 1:02:13]} 15. a4
{[%clk 0:27:10]} Bxe2 {[%clk 0:59:20]} 16. Kxe2 {[%clk 0:27:33]} Rg6
{[%clk 0:59:35]} 17. Qf4 {[%clk 0:23:53]} Nc4 {[%clk 0:58:35]} 18. Qc1
{[%clk 0:20:47]} Qc7 {[%clk 0:54:26]} 19. Ba3 {[%clk 0:13:44]} Na5
{[%clk 0:51:39]} 20. Bb4 {[%clk 0:13:51]} Nb3 {[%clk 0:51:10]} 21. Qa3
{[%clk 0:13:08]} Nxa1 {[%clk 0:51:24]} 22. Rxa1 {[%clk 0:13:37]} a5
{[%clk 0:51:19]} 23. Bd6 {[%clk 0:08:50]} Qc4+ {[%clk 0:51:18]} 24. Ke1
{[%clk 0:07:57]} Qd3 {[%clk 0:45:48]} 25. Bf1 {[%clk 0:04:11]} Qxc3+
{[%clk 0:45:34]} 26. Qxc3 {[%clk 0:04:39]} Rxc3 {[%clk 0:46:03]} 27. Rb1
{[%clk 0:04:22]} Kd7 {[%clk 0:44:03]} 28. Be5 {[%clk 0:04:45]} Kc8
{[%clk 0:44:10]} 29. h4 {[%clk 0:02:41]} Ng4 {[%clk 0:38:52]} 30. Bf4
{[%clk 0:02:31]} Nh2 {[%clk 0:38:10]} 31. Kd2 {[%clk 0:01:38]} Rc6
{[%clk 0:35:05]} 32. Bb5 {[%clk 0:01:59]} Nf3+ {[%clk 0:35:26]} 33. Kd1
{[%clk 0:01:44]} Rc3 {[%clk 0:35:28]} 34. Be8 {[%clk 0:01:24]} Nxd4
{[%clk 0:34:28]} 35. Bxf7 {[%clk 0:01:08]} Rg7 {[%clk 0:34:47]} 36. Be8
{[%clk 0:00:57]} Re7 {[%clk 0:34:09]} 37. Bh5 {[%clk 0:01:11]} Rd7
{[%clk 0:34:14]} 38. Ke1 {[%clk 0:00:59]} Nf3+ {[%clk 0:33:42]} 39. Ke2
{[%clk 0:01:14]} e5 {[%clk 0:31:12]} 40. Bc1 {[%clk 0:00:56]} Rdd3
{[%clk 0:30:32]} 41. Bg4+ {[%clk 0:01:13]} Kc7 {[%clk 0:30:40]} 42. Be3
{[%clk 0:00:44]} Rc2+ {[%clk 0:30:47]} 43. Kf1 {[%clk 0:00:55]} Rxe3
{[%clk 0:31:05]} 0-1

[Event "EYCC 2024 - G14"]
[Site "?"]
[Date "2024.08.22"]
[Round "1.9"]
[White "Ashton, Alannah"]
[Black "Wiessner, Elisabeth"]
[Result "1/2-1/2"]
[BlackElo "1625"]
[WhiteElo "1918"]
[LiveChessVersion "1.4.8"]

1. e4 {[%clk 1:30:57]} c5 {[%clk 1:30:46]} 2. Nf3 {[%clk 1:31:23]} e6
{[%clk 1:31:06]} 3. d4 {[%clk 1:31:49]} cxd4 {[%clk 1:31:28]} 4. Nxd4
{[%clk 1:32:16]} Nc6 {[%clk 1:31:40]} 5. Nc3 {[%clk 1:32:05]} Qc7
{[%clk 1:31:53]} 6. Be3 {[%clk 1:32:29]} a6 {[%clk 1:32:11]} 7. g4
{[%clk 1:32:33]} b5 {[%clk 1:30:28]} 8. Qd2 {[%clk 1:23:46]} Bb7 {[%clk 1:27:13]}
9. O-O-O {[%clk 1:22:08]} Be7 {[%clk 1:19:01]} 10. Bf4 {[%clk 1:18:42]} e5
{[%clk 1:11:49]} 11. Nd5 {[%clk 1:05:05]} Qb8 {[%clk 1:05:48]} 12. Nxc6
{[%clk 0:56:37]} Bxc6 {[%clk 1:05:23]} 13. Qc3 {[%clk 0:51:24]} f6
{[%clk 0:46:21]} 14. Be3 {[%clk 0:48:37]} Bd8 {[%clk 0:37:23]} 15. Bc5
{[%clk 0:34:37]} Ne7 {[%clk 0:30:51]} 16. Rg1 {[%clk 0:29:46]} Bxd5
{[%clk 0:23:05]} 17. exd5 {[%clk 0:30:08]} d6 {[%clk 0:22:03]} 18. Be3
{[%clk 0:29:37]} Bb6 {[%clk 0:19:45]} 19. Bh3 {[%clk 0:14:30]} Bxe3+
{[%clk 0:17:10]} 20. fxe3 {[%clk 0:10:09]} Qc8 {[%clk 0:15:55]} 21. Qxc8+
{[%clk 0:04:44]} Rxc8 {[%clk 0:15:55]} 22. g5 {[%clk 0:05:05]} f5
{[%clk 0:15:22]} 23. e4 {[%clk 0:05:23]} g6 {[%clk 0:15:25]} 24. Rgf1
{[%clk 0:05:24]} Rf8 {[%clk 0:15:22]} 25. exf5 {[%clk 0:05:17]} Nxf5
{[%clk 0:15:28]} 26. Rf2 {[%clk 0:04:32]} Rc7 {[%clk 0:14:50]} 27. Rdf1
{[%clk 0:03:54]} Rcf7 {[%clk 0:14:55]} 28. Kd2 {[%clk 0:03:39]} Kd7
{[%clk 0:12:46]} 29. a4 {[%clk 0:03:24]} Kc7 {[%clk 0:11:53]} 30. axb5
{[%clk 0:03:28]} axb5 {[%clk 0:12:21]} 31. b3 {[%clk 0:02:12]} Kb6 32. c4
{[%clk 0:01:53]} Kc5 {[%clk 0:08:59]} 33. Kc3 {[%clk 0:02:05]} b4+
{[%clk 0:07:36]} 34. Kb2 {[%clk 0:01:26]} Kb6 {[%clk 0:07:22]} 35. Ra1
{[%clk 0:00:47]} Ra7 {[%clk 0:07:07]} 36. Raf1 {[%clk 0:00:34]} Raf7
{[%clk 0:07:24]} 37. Ra1 {[%clk 0:00:59]} Ra7 {[%clk 0:07:45]} 38. Raf1
{[%clk 0:01:24]} Raf7 {[%clk 0:08:08]} 39. Ra1 {[%clk 0:01:21]} 1/2-1/2

[Event "EYCC 2024 - G14"]
[Site "?"]
[Date "2024.08.22"]
[Round "1.10"]
[White "Kurnaz, Duru"]
[Black "Jakubse, Tamae Severina"]
[Result "0-1"]
[BlackElo "1904"]
[WhiteElo "1624"]
[LiveChessVersion "1.4.8"]

1. d4 {[%clk 1:30:51]} Nf6 {[%clk 1:30:51]} 2. c4 {[%clk 1:31:13]} c5 3. e3
{[%clk 1:27:03]} g6 {[%clk 1:28:16]} 4. g3 {[%clk 1:26:12]} Bg7 {[%clk 1:27:52]}
5. Bg2 {[%clk 1:26:18]} cxd4 {[%clk 1:26:38]} 6. exd4 {[%clk 1:26:33]} O-O
{[%clk 1:26:18]} 7. Nf3 {[%clk 1:22:59]} d5 {[%clk 1:26:22]} 8. c5
{[%clk 1:18:23]} b6 {[%clk 1:23:55]} 9. cxb6 {[%clk 1:12:14]} Qxb6
{[%clk 1:23:45]} 10. O-O {[%clk 1:11:41]} Nc6 {[%clk 1:20:30]} 11. Nc3
{[%clk 1:10:13]} Bg4 {[%clk 1:13:01]} 12. Na4 {[%clk 0:50:42]} Qb5
{[%clk 1:02:40]} 13. h3 {[%clk 0:45:39]} Bxf3 {[%clk 0:55:18]} 14. Bxf3
{[%clk 0:45:54]} Ne4 {[%clk 0:51:32]} 15. Be3 {[%clk 0:38:24]} e5
{[%clk 0:44:53]} 16. Be2 {[%clk 0:28:45]} Qb8 {[%clk 0:30:22]} 17. dxe5
{[%clk 0:22:10]} Qxe5 {[%clk 0:30:03]} 18. Bf4 {[%clk 0:14:52]} Qe6
{[%clk 0:30:17]} 19. Kh2 {[%clk 0:14:16]} Bd4 {[%clk 0:21:48]} 20. Qe1
{[%clk 0:10:30]} Rfe8 {[%clk 0:17:10]} 21. Bf3 {[%clk 0:09:03]} Ne5
{[%clk 0:17:18]} 22. Bxe4 {[%clk 0:05:41]} dxe4 {[%clk 0:17:34]} 23. Bxe5
{[%clk 0:05:34]} Qxe5 {[%clk 0:17:52]} 24. Nc3 {[%clk 0:04:41]} e3
{[%clk 0:16:12]} 25. fxe3 {[%clk 0:04:24]} Qxe3 {[%clk 0:16:32]} 26. Qxe3
{[%clk 0:04:23]} Rxe3 {[%clk 0:16:52]} 27. Rae1 {[%clk 0:00:33]} Rae8
{[%clk 0:17:11]} 28. Rxe3 {[%clk 0:00:49]} Rxe3 {[%clk 0:17:38]} 29. Kg2
{[%clk 0:00:35]} Bxc3 {[%clk 0:17:40]} 30. bxc3 {[%clk 0:01:02]} Rxc3
{[%clk 0:18:04]} 31. a4 {[%clk 0:00:37]} Ra3 {[%clk 0:17:50]} 32. Rf4
{[%clk 0:01:02]} Kf8 {[%clk 0:15:23]} 33. h4 {[%clk 0:01:10]} h5 {[%clk 0:14:05]}
34. Rb4 {[%clk 0:01:32]} a5 {[%clk 0:13:06]} 35. Rc4 {[%clk 0:01:56]} Ke7
{[%clk 0:11:32]} 36. Kf2 {[%clk 0:02:02]} Kd6 {[%clk 0:11:41]} 37. Kg2
{[%clk 0:02:16]} f5 {[%clk 0:10:58]} 38. Kf2 {[%clk 0:02:20]} Kd5
{[%clk 0:11:20]} 39. Rf4 {[%clk 0:02:36]} Rc3 {[%clk 0:10:21]} 40. Kg2
{[%clk 0:02:26]} Rc4 {[%clk 0:10:43]} 41. Rf1 {[%clk 0:02:48]} Rxa4
{[%clk 0:11:05]} 42. Rd1+ {[%clk 0:03:10]} Kc5 {[%clk 0:11:09]} 43. Rd8
{[%clk 0:03:23]} Rg4 {[%clk 0:10:42]} 44. Kf3 {[%clk 0:03:30]} a4
{[%clk 0:10:58]} 45. Rb8 {[%clk 0:03:49]} a3 {[%clk 0:09:51]} 46. Kf2
{[%clk 0:02:53]} Ra4 {[%clk 0:09:49]} 0-1